| 000 | 00702nam a2200181Ia 4500 | ||
|---|---|---|---|
| 008 | 100920s9999 xx 000 0 und d | ||
| 082 |
_b98846 _a320 न 05 |
||
| 100 | _aखाडिलकर नीलकंठ. | ||
| 245 | _aहिंदुत्व नीलकंठ तत्वज्ञान. | ||
| 260 |
_bपरचुरे प्रकाशन मुंबई. _c2005 |
||
| 300 |
_a121 _bसाधी |
||
| 365 | _b160 | ||
| 520 | _aराजकारण. | ||
| 630 | _aहिंदुत्व नीलकंठ तत्वज्ञान. | ||
| 650 | _aराजकारण. | ||
| 730 | _aहिंदुत्व नीलकंठ तत्वज्ञान. | ||
| 942 | _cBOOK | ||
| 999 |
_c739284 _d739281 |
||